| 000 | 00649nam a2200193 a 4500 | ||
|---|---|---|---|
| 001 | 000035410 | ||
| 005 | 20200930074324.0 | ||
| 008 | 111031s1983 sp ac 000 0 spa d | ||
| 020 | _a8433575503 | ||
| 040 |
_aDO-SdBNP _bspa _cBNPHU |
||
| 082 |
_axxxx _bxxxx |
||
| 100 | 1 |
_aDenvir, Bernard _961239 |
|
| 245 | 1 | 3 |
_aEl impresionismo / _cBernard Denvir ; traducción Marcelo Covián. |
| 260 |
_aBarcelona, : _bLabor, _c1983. |
||
| 300 |
_a64-62 p. : _bil., retrs. ; _c18 cm. |
||
| 504 | _aIncluye referencias bibliográficas | ||
| 590 | _aPerteneció a la biblioteca personal de Juan Isidro Jimenes Grullón. | ||
| 700 | 1 |
_aCovián, Marcelo, _etr. _932353 |
|
| 999 |
_c34901 _d34901 |
||